| 000 | 02529 a2200181 4500 | ||
|---|---|---|---|
| 003 | Nust | ||
| 005 | 20221206105229.0 | ||
| 020 | _a9694073408 | ||
| 040 | _cNust | ||
| 082 | _a181.07,SHA | ||
| 100 |
_aM.M Sharif _9364 |
||
| 245 |
_aA History of Muslim Philosophy / _cM.M. Sharif |
||
| 250 | _aVol.1 | ||
| 260 |
_aKarachi _bRoyal book company _c1961 |
||
| 300 | _axi,787p; | ||
| 505 | _aPre -Islamic Indian Thought, by: C. A. Qadir (Page-15), Pre-Islamic Chinese Thought, by: Howard F. Didsbury (Page-45), Pre-Islamic Iranian Thought, by: Alessandro Bausani (Page-56), Greek Thought by M. M. Sharif (Page-75), Alexandrio-Syriac Thought by C. A. Qadir (Page-111), Pre-Islamic Arabian Thought by: Shaikh Inayatullah (Page-126), ( Book Two) Philosophical Teachings of the Qur'an by M. M. Sharif (Page-136), Ethical Teachings of the Qur'an by B. A. Dar (Page-155), Economic and Political Teachings of the Qur'an by Abul Ala Maudoodi (Page-178), (Book Three) Mu'tazlilism by Mir Valiuddin (Page-199), Ash'arism by M. Abdul Hye (Page-220), Tahawism by A. K. M. Ayyub Ali (Page-244), Maturdism by A. K. M. Ayyub Ali (Page-259), Zahirism by Omar A. Farrukh (Page-274), Ikhawan al-Safa by Omar A. Farrukh (Page-289), Part 2: THE SUFISEarly Sufis: Doctrine by M. Hamiduddin (Page-310), Early Sufis (Page-335), Early Sufis (Page-346), Abd al-Qadir Jilani and Shihab al-Din Suhrawardi by B. A. Dar (Page-349), Shihab al-Din Suhrawardi al-Maqtul by Seyyed Hossein Nasr (Page-372), Ibn 'Arabi by A. E. Affifi (Page-398), Al-Kindi by Ahmed Fouad El-Ehwany. (Page-421), Muhammad ibn Zakariya al-Razi by Abdurrahman Badawi (Page-434), Al-Farabi by Ibrahim Madkour (Page-450), Miskawaih by Abdurrahman Badawi (Page-469), Ibn Sina by Fazulr Rahman.(480) Ibn Bajjah by Muhammad Saghir Hasan al-Ma'sumi .(Page-506), Ibn Tufail by Bakhtyar Husain Siddiqi.(Page-526), Ibn Rushd by Ahmed Fouad El-Ehwany (Page-540), Nasir al-Din Tusi by Bakhtyar Husain Siddiqi(Page-564) Al-Ghazali: (html) Metaphysics by: M. Saeed Sheikh. Also in (Page-581), Al-Ghazali (Page-617), Fakhr al-Din Razi by Seyyed Hossein Nasr (Page-642), Political Thought in Early Islam by Abul Ala Maudoodi (Page-657), Abu Hanifah and Abu Yusuf by Abul Ala Maudoodi (Page-674), Al-Farabi by Muhammad Saghir Hasan al-Ma'sumi (Page-704), Al-Mawardi by Muhammad Qamaruddin Khan (Page-717), Political Theory of the Shi'ties by Syed Abid Ali Abid (Page-732), Nizam AL-Mulk Tusi by M. Rukunuddin Hassan .(Page-747), Al-Ghazvanid by Leonard binder (Page-774). | ||
| 942 |
_2ddc _cBK |
||
| 999 |
_c193870 _d193870 |
||